000 00593nam a2200205Ia 4500
008 160418s9999 xx 000 0 und d
050 _aFIL PL 6061
050 _b.P66 2000
100 _aPomado, Nelson A.
245 _aSining ng pakikipagtalastasan :
245 _bpagsubok na edisyon /
245 _cNelson A. Pomado, Corazon Q. Rabulan
260 _aIloilo City :
260 _bMakinaugalingon Printer & Bookbinder
260 _c2000
300 _a260 pages :
300 _c22 cm.
500 _aIncludes bibliographical references.
650 _aFilipino language -- Rhetoric.
999 _c293514
_d293514